MDQL
is popping MORE tags! Check the
thread
!
Quizzes
Events
Quiz Creation
Community
Videos
Private Events
Remove Ads
Sign In
Join for FREE
Feedback
Dark Mode
Quiz Categories
Sports
Geography
Music
Movies
Television
Just For Fun
Miscellaneous
History
Literature
Language
Science
Gaming
Entertainment
Religion
Holiday
For Kids
Quiz Lab
Recent
Popular Today
Quiz Kudos Today
Editor Picks
Curator Picks
Quizzes by...
Day
Popularity
Type
Ratings
Length
Year
Community
Subscriptions
Recent Discussions
Orange Saloon
Badges
Playlists
Quests
Create
Leaderboards
Showdown
Live 5
Trivia Bingo
Activity
Puzzle Library
Sporcle Events
Private Events
Virtual Trivia
Globe League
Become a Host
Pub Owners
SporcleCon
Opinionation
Our Games
Videos
Blog
Mobile Apps
Partnerships
Remove Ads and Go Orange
Feedback
Sports
Athletes
MLB
NBA
NHL
NFL
Soccer
Sports Teams
WWE
NCAA
Football
Premier League
Basketball
Baseball
Hockey
Golf
Tennis
Cricket
Rugby
Auto Racing
Olympics
World Cup
Sports
Athletes
MLB
NBA
NHL
NFL
Soccer
Sports Teams
WWE
NCAA
Football
Premier League
Basketball
Baseball
Hockey
Golf
Tennis
Cricket
Rugby
Auto Racing
Olympics
World Cup
Random Quiz
Search Sporcle
×
Quiz Lab
Quiz Lab
Sports
Daytona
Type in answers that appear in a list
Type in answers that appear in a list
Classic
Best Score? Go Orange.
NASCAR Daytona 500 All time Laps led Stats
Can you name the NASCAR Daytona 500 All time Laps led?
By
RKOLEGACY0
20m
161 Questions
649 Plays
649 Plays
649 Plays
Comments
Comments
Give Quiz Kudos
Give Quiz Kudos
-
- Ratings
hide this ad
Replay
Link that replays current quiz
Next Quiz
Link to next quiz in quiz playlist
You Got
0%
They Got
Avg Score
56%
Avg Friend Score
Upgrade to see
Score Distribution
Jump to the score distribution portion of the page
Score
0/161
Timer
20:00
0
Plays Today
# of Laps Led
Driver
% Correct
262
Dale Earnhardt, Jr.
98.1%
686
Dale Earnhardt
98%
782
Richard Petty
97.7%
52
Lee Petty
97.1%
86
Kyle Petty
96.9%
392
Jeff Gordon
93.5%
148
Jimmie Johnson
93.4%
8
Robby Gordon
93.2%
135
Junior Johnson
92.9%
1
Cecil Gordon
92.1%
282
Kyle Busch
92.1%
205
Kurt Busch
90.8%
181
Darrell Waltrip
90.1%
346
Bill Elliott
90%
181
Michael Waltrip
90%
192
Mark Martin
88.9%
442
Bobby Allison
88.4%
33
Bobby Johns
88.4%
297
Denny Hamlin
88.4%
241
Donnie Allison
88.4%
158
Davey Allison
88.3%
46
Chase Elliott
87.3%
115
Rusty Wallace
87.2%
299
Tony Stewart
86.9%
554
Cale Yarborough
86.6%
111
Kevin Harvick
86.3%
52
Bobby Labonte
85.8%
85
Terry Labonte
85.7%
326
Sterling Marlin
85.2%
251
David Pearson
85.1%
69
Joey Logano
85%
7
Coo Coo Marlin
84.9%
74
Ryan Newman
84%
226
Matt Kenseth
83.5%
155
Dale Jarrett
83.2%
38
Brad Keselowski
83.1%
26
Ned Jarrett
82.9%
58
Ward Burton
82.3%
64
Jeff Burton
82.3%
50
Martin Truex, Jr.
78.8%
33
Jamie McMurray
78.8%
10
Austin Dillon
78.6%
89
Greg Biffle
78.6%
133
Ryan Blaney
78.2%
8
Trevor Bayne
77.5%
129
Mario Andretti
77.3%
25
John Andretti
77.3%
10
Dave Blaney
77.3%
11
Carl Edwards
77.3%
149
Geoffrey Bodine
76.6%
8
Todd Bodine
76.6%
2
Brett Bodine
76.6%
7
Danica Patrick
75.2%
13
Ricky Rudd
75%
# of Laps Led
Driver
% Correct
44
William Byron
74.9%
73
Clint Bowyer
74.9%
42
Derrike Cope
74.6%
128
Ernie Irvan
73.3%
10
David Ragan
73.3%
11
Erik Jones
72.1%
78
Benny Parsons
71.8%
8
Aric Almirola
71.7%
21
Phil Parsons
71.6%
14
Kasey Kahne
71.4%
334
AJ Foyt
71.2%
644
Buddy Baker
71%
227
Ken Schrader
71%
2
Casey Mears
70.7%
44
Elliott Sadler
70.5%
19
Pete Hamilton
70.1%
7
Juan Pablo Montoya
70.1%
10
Regan Smith
69.8%
71
Jack Smith
69.3%
365
Fireball Roberts
67.2%
20
AJ Allmendinger
66.3%
21
Brian Vickers
66.1%
16
Kyle Larson
66.1%
27
Ricky Stenhouse, Jr.
66.1%
95
LeeRoy Yarbrough
64.7%
22
Harry Gant
64.6%
9
Jeremy Mayfield
64.1%
44
Paul Menard
63.8%
8
Joe Nemechek
63.6%
4
Alan Kulwicki
61.6%
2
Steve Park
61%
21
GC Spencer
60.4%
5
Jimmy Spencer
60.4%
60
Mike Skinner
60.4%
13
Alex Bowman
60.1%
10
Lake Speed
59.9%
14
Scott Speed
59.8%
7
Ricky Craven
59.5%
18
David Gilliland
59.3%
14
Morgan Shepherd
59%
39
Johnny Benson, Jr.
57.8%
7
Tim Richmond
56.2%
1
JJ Yeley
54.7%
125
Neil Bonnett
54.5%
6
Dave Marcis
53.6%
21
Tiny Lund
53.5%
5
Reed Sorenson
53%
71
Bobby Isaac
50.8%
3
Jerry Nadeau
50.7%
24
Rick Mast
50.7%
49
Matt DiBenedetto
49.9%
115
Fred Lorenzen
49.6%
7
Joe Weatherly
46.2%
9
Rex White
43.9%
# of Laps Led
Driver
% Correct
101
Marvin Panch
43.5%
1
Richie Panch
43.5%
13
Scott Wimmer
43.5%
3
Greg Sacks
43.3%
2
Chad Little
43%
8
Hut Stricklin
42.5%
8
Bobby Hillin, Jr.
41.4%
1
Brian Scott
41%
5
Jim Sauter
40.1%
1
Kevin Lepage
37.4%
3
Travis Kvapil
35.6%
70
Joe Ruttman
35.4%
8
Rick Wilson
35.1%
4
Robert Pressley
34.8%
15
James Hylton
34.2%
1
Boris Said
32.8%
4
Justin Allgaier
32.8%
6
Curtis Turner
31.9%
87
Charlie Glotzbach
31.6%
30
Johnny Beauchamp
30.4%
2
Michael Annett
30.2%
1
Daniel Hemric
29.7%
2
Lennie Pond
29.4%
1
Jimmy Means
28%
21
Dick Brooks
27.6%
3
Cole Whitt
25%
2
Al Unser
23.3%
1
Cotton Owens
23.1%
65
Paul Goldsmith
19.9%
2
Johnny Rutherford
19.6%
7
Darel Dieringer
19.1%
2
Dick Hutcherson
16.3%
3
Tommy Ellis
15.7%
2
Ramo Stott
14.8%
65
Tom Pistone
12.6%
9
Bob Welborn
11.1%
7
Nelson Stacy
11.1%
1
Justin Marks
10%
2
Eddie Bierschwale
8.5%
2
Phil Barkdoll
8.5%
4
Jim Hurtubise
7.9%
4
Larry Frank
7.9%
1
Terry Ryan
6.5%
3
Banjo Matthews
4.2%
6
Jack Pennington
4.2%
2
Walter Ballard
3.9%
1
Frank Warren
3.7%
2
David Hobbs
3.4%
2
David Sisco
2.8%
6
Terry Bivins
2.3%
1
Jackie Rogers
1.5%
1
Dave Watson
1.5%
3
Butch Hartman
0.9%
Quiz Playlist
Details
Report
Send in Message
Add To Playlist
Classic:
Type in answers that appear in a list
Last Updated: Jan 12, 2020
Quiz Scoreboard
CHALLENGE
Sign Up to Join the Scoreboard
Show All
Scores
Hide
Comments
May contain spoilers
Recently Published
Famous 'C' Women
by xyz_
Entertainment
6m
Holiday 10x10 Sorting Gallery
by lukepisani3
Holiday
15m
Two Season TV Shows II
by 123Four
Television
10m
More to Explore
Quiz From the Vault
Featured Blog Post
14 Easter Pick-up Lines to Find Eggs With
hide this ad
You Might Also Like...
Tags
500
Daytona
Driver
lap
NASCAR
Today's Top Quizzes in Sports
Browse Sports
hide this ad
Today's Top Quizzes in Daytona
Browse Daytona
Top Contributed Quizzes in Sports
1
Les meilleurs buteurs des matchs entre le PSG et l’OM
2
Les entraîneurs de l'OM et du PSG au 21e siècle
3
2022 World Cup Stars
4
Players with Multiple 50 Home Run Seasons
5
Les joueurs passés par le PSG et l'OM
6
FIFA Club World Cup Champions
7
Top 10 NHL Goal Scorers of All Time
8
Criteria MLB: Left Handed Sluggers
9
Les joueurs passés par le LOSC et le RC Lens
10
2023 MLB Unique Player Accomplishments
Explore More
Trending Topics
Kpop
Crossword
Anime
Marvel
Harry Potter
Disney
NBA
WWE
Puzzle
Country
Soccer
NFL
The Office
Song
Pokémon
hide this ad
More By:
RKOLEGACY0
Quiz
Plays
Rating
Category
Featured
Created
D-Generation X Members
81,694
3.98
Sports
Sep 13, 2012
Edge WWE PPV Opponents
13,885
4.32
Sports
Nov 10, 2011
Wrestlers with the most WWE PPV Matches
11,236
4.23
Sports
Jan 8, 2012
History of the WWE Championship
5,924
4.50
Sports
Feb 9, 2012
MLB Top 100 Hitters of All Time
5,910
4.56
Sports
May 10, 2013
Go to Creator's Profile
Score Distribution
Quiz Creator Spotlight
RKOLEGACY0
Follow
Send a Message
Quizzes Created
-
Created Quiz Play Count
-
More By This Creator
Popular Quizzes Today
1
Find the US States - No Outlines Minefield
2
Colored Red Africa Blitz
3
Find the 'City' Movie
4
The Countries of the World
5
Find the US States
6
5x2 Blitz: Bands
7
Find the Countries of Europe - No Outlines Minefield
8
US States
More Sports Quizzes
Click the clubs of Arjen Robben
Quiz Lab
Trending Quizzes
Colored Red Europe Blitz I
Colored Red Europe Blitz II
Colored Red Africa Blitz II
Colored Red Africa Blitz III
Colored Red Europe Blitz III
Recently Updated
Odd Team Out - Big 4 Players
pecheneg
Quick Pick: 20 Twenties
pecheneg
March Madness Men's Triple Doubles
pecheneg
How Do You Spell That?
pecheneg
Godzilla Movies
pecheneg
Grab Bag: 4-10 Letters
pecheneg
2024 March Madness Bracket
pecheneg
Famous TV Couples
Peacemaker
Champions League XIs: Real Madrid
pecheneg
Largest US Cities 1790-2010
pecheneg
Trending Topics
Harry Potter
Anime
Crossword
NBA
Kpop
Disney
Marvel
NFL
The Office
Song
Country
Pokémon
Puzzle
WWE
Soccer
Your Account Isn't Verified!
In order to create a playlist on Sporcle, you need to verify the email address you used during registration. Go to your
Sporcle Settings
to finish the process.
Report this User
Report this user for behavior that violates our
Community Guidelines
.
Details:
Send Report
Go to the Sporcle.com Mobile Site →
Comments